[Event "Kurunegala op 11th"]
[Site "Kurunegala"]
[Date "2019.11.30"]
[Round "2"]
[White "Galappaththi, Chinthaka Anuruddh"]
[Black "Hapugoda, Eshani Yasara"]
[Result "1-0"]
[WhiteElo "2070"]
[BlackElo "1070"]
[PlyCount "43"]
[EventDate "2019.11.30"]
[EventType "swiss"]
[EventRounds "10"]
[EventCountry "SRI"]
[SourceTitle "CBM 193 Extra"]
[Source "ChessBase"]
[SourceDate "2020.01.31"]
[SourceVersion "1"]
[SourceVersionDate "2020.01.31"]
[SourceQuality "1"]

1. e4 e5 2. Nc3 Nf6 3. f4 exf4 4. e5 Qe7 5. Qe2 Ng8 6. Nf3 f6 7. Nd5 Qc5 8. exf6+ Kd8 9. f7 Ne7 10. Nxf4 Qxc2 11. Qe3 Qf5 12. Bc4 c6 13. Nd4 Qf6 14. 0-0 Qh6 15. d3 d5 16. Bb3 a6 17. Qg3 g5 18. Nfe6+ Bxe6 19. Bxg5 Qh5 20. Nxe6+ Kd7 21. Qc7+ Kxe6 22. Rf6# 1-0